| 000 | 01148cam a2200277 a 4500 | ||
|---|---|---|---|
| 001 | 6 | ||
| 003 | BR-CuiBMT | ||
| 005 | 20231129125149.0 | ||
| 008 | 230711s2004 mtba 000 0 por d | ||
| 020 | _a859858701X | ||
| 040 |
_aBR-CuiBMT _cBR-CuiBMT |
||
| 080 |
_22007 _a351.94:336.148 _x(817.2) _x(091) |
||
| 090 |
_a351.94:336.148(817.2)(091) _bP426c |
||
| 100 | 1 | _aPeraro, Maria Adenir | |
| 245 | 1 | 0 |
_aCinqüenta anos de história do Tribunal de Contas do Estado de Mato Grosso : _b1953 - 2003 / _cMaria Adenir Peraro, Neila Maria Souza Barreto, Maria Aparecida Borges Barros Rocha. |
| 246 | 1 | 2 |
_a50 anos de história do Tribunal de Contas do Estado de Mato Grosso : _b1953 - 2003 |
| 260 |
_aCuiabá : _bTCE-MT, _c2004. |
||
| 300 |
_a280 p. : _bil. ; _c29 cm |
||
| 504 | _aInclui bibliografia. | ||
| 650 |
_aTribunal de Contas _zMato Grosso _xHistória |
||
| 650 |
_aTribunal de Contas _zMato Grosso |
||
| 700 | 1 | _aBarreto, Neila Maria Souza | |
| 700 | 1 | _aRocha, Maria Aparecida Borges Barros | |
| 856 | 4 |
_uhttps://www.tce.mt.gov.br/conteudo/download/50-anos-de-historia-do-tce-mtpdf/29942 _yDisponível também online. _927/09/2023 |
|
| 942 |
_2udc _cLV |
||
| 999 |
_c6 _d6 |
||